000 00343cam a2200145ua 4500
041 _aeng
_h
082 _a823.308
_bGAR/CO
100 _aGaret, Rogers .
245 _aCorner on angels /
_cRogers Garet.
_hTextual Documents
260 _aLondon :
_bPutnam ,
_c1960.
300 _a600 ; .
504 _a
942 _cBK
999 _c11756
_d11756